| 000 | 01269cam a22003614a 4500 | ||
|---|---|---|---|
| 001 | 12160584 | ||
| 003 | OSt | ||
| 005 | 20140310182513.0 | ||
| 008 | 000831s2001 stka b 001 0 eng | ||
| 010 | _a 00046319 | ||
| 020 | _a0702025658 | ||
| 035 | _a(DNLM)100963792 | ||
| 040 |
_aDNLM/DLC _cDLC _dDLC |
||
| 042 | _apcc | ||
| 050 | 0 | 0 |
_aRC 78 _b.G946 2009 |
| 060 | 1 | 0 |
_aWN 160 _bG946 2001 |
| 082 | 0 | 0 | _a616.07/57 |
| 100 |
_aStephen Chapman _99115 |
||
| 245 | 0 | 2 |
_aA guide to radiological procedures / _cedited by Stephen Chapman and Richard Nakielny. |
| 250 | _a4th ed. | ||
| 260 |
_aEdinburgh ; _aNew York : _bW.B. Saunders, _c2001. |
||
| 300 |
_a388 p. : _bill. ; _c22 cm. |
||
| 504 | _aIncludes bibliographical references and index. | ||
| 650 | 0 |
_aRadiology, Medical. _98647 |
|
| 650 | 1 | 2 |
_aRadiography. _97328 |
| 650 | 2 | 2 |
_aTechnology, Radiologic. _97487 |
| 700 | 1 |
_aChapman, Stephen, _d1953- _99116 |
|
| 700 | 1 |
_aNakielny, Richard _99117 |
|
| 906 |
_a7 _bcbc _corignew _d1 _eocip _f20 _gy-gencatlg |
||
| 942 |
_2lcc _cSSLC |
||
| 999 |
_c13940 _d13940 |
||